000
00334nam a2200133Ia 4500
008
220216s9999 xx 000 0 und d
100
_a
Ouseph T.
245
0
_a
Shortage of skilled tappers hits smallholdings
260
_b
Rubber Asia
_c
1996
300
_a
35-36
650
_a
Smallholdings
650
_a
Tapper shortage
942
_c
BS
999
_c
51587
_d
51587